| 000 | 00341nam a22001457a 4500 | ||
|---|---|---|---|
| 003 | SGT | ||
| 020 | _a9789386850911 | ||
| 082 |
_a070 _bH18O |
||
| 100 | _aOTIS, ANDREW | ||
| 245 | _aHICKY'S BENGAL GAZETTE: THE UNTOLD STORY OF NEWSPAPER | ||
| 260 |
_bWESTLAND PUBLICATIONS _c2018 |
||
| 300 | _a317 | ||
| 650 | _aJOURNALISM | ||
| 942 |
_2ddc _cBK |
||
| 999 |
_c28661 _d28661 |
||